Loading...
| Current Events | 2 | 15.00 | 100% | 50% | 0% |
| Fine Arts - Classical Music | 4 | 17.50 | 100% | 75% | 0% |
| Fine Arts - Other | 5 | 12.00 | 80% | 40% | 0% |
| Fine Arts - Painting & Sculpture | 6 | 16.67 | 83% | 67% | 17% |
| Geography | 3 | 13.33 | 100% | 33% | 0% |
| History - American | 7 | 15.71 | 86% | 57% | 14% |
| History - European | 7 | 14.29 | 100% | 43% | 0% |
| History - Other | 5 | 14.00 | 100% | 40% | 0% |
| History - World | 8 | 8.75 | 88% | 0% | 0% |
| Literature - American | 5 | 16.00 | 100% | 60% | 0% |
| Literature - British | 4 | 7.50 | 75% | 0% | 0% |
| Literature - European | 8 | 8.75 | 75% | 13% | 0% |
| Literature - World | 3 | 10.00 | 67% | 0% | 33% |
| Mythology | 5 | 12.00 | 80% | 40% | 0% |
| Other Academic | 3 | 13.33 | 67% | 33% | 33% |
| Philosophy | 5 | 8.00 | 80% | 0% | 0% |
| Religion | 3 | 16.67 | 100% | 67% | 0% |
| Science - Biology | 7 | 11.43 | 100% | 0% | 14% |
| Science - Chemistry | 5 | 6.00 | 60% | 0% | 0% |
| Science - Other | 7 | 5.71 | 43% | 14% | 0% |
| Science - Physics | 1 | 10.00 | 100% | 0% | 0% |
| Social Science | 5 | 14.00 | 100% | 20% | 20% |